UBT Library

SINONIMI E CONTRARI (Record no. 60642)

000 -LEADER
fixed length control field 00350nam a22001457a 4500
008 - FIXED-LENGTH DATA ELEMENTS--GENERAL INFORMATION
fixed length control field 250414b ||||| |||| 00| 0 eng d
020 ## - INTERNATIONAL STANDARD BOOK NUMBER
International Standard Book Number 9788808160416
041 ## - LANGUAGE CODE
Language code of text/sound track or separate title ITALIAN
080 ## - UNIVERSAL DECIMAL CLASSIFICATION NUMBER
Edition identifier 2009
Universal Decimal Classification number 371PIT
082 ## - DEWEY DECIMAL CLASSIFICATION NUMBER
Edition number 371PIT
Classification number 371PIT
100 ## - Rafti
Rafti 22
101 ## - Shkurtesa
Shkurtesa GJUHA ITALIANE
245 ## - TITLE STATEMENT
Title SINONIMI E CONTRARI
Statement of responsibility, etc PITTANO GIUSEPPE
942 ## - ADDED ENTRY ELEMENTS (KOHA)
Source of classification or shelving scheme
Item type Books
Holdings
Withdrawn status Lost status Source of classification or shelving scheme Damaged status Not for loan Collection code Permanent location Current location Date acquired Total Checkouts Full call number Barcode Date last seen Price effective from Koha item type
          Koleksioni i përgjithshem UBT - Lipjan UBT - Lipjan 04/14/2025   371PIT 002-800070968 04/14/2025 04/14/2025 Books
UBT Library © 2015-2024. All rights reserved University Education for Business and Technology